000 01098cam a2200277 4500
001 gs 68000186
003 DLC
005 20260227111422.0
008 690606s1968 dcuab b 00010 eng c
010 _ags 68000186 //r862
040 _aU.S. Geological Survey Library
050 0 _aQE75
_b.P9 no. 589
051 _aQE144.E3
_bG37
_cCopy 2.
082 _a551.1/3
100 1 0 _aGard, Leonard Meade,
_d1923-
245 1 0 _aGeologic studies, Project Gnome, Eddy County, New Mexico,
_cby Leonard M. Gard, Jr.
260 0 _aWashington,
_bU.S. Dept. of the Interior [Geological Survey; for sale by the Supt. of Docs.] U.S. Govt. Print. Off.,
_c1968.
300 _avi, 33 p.
_billus. (part col.) maps (2 fold., 1 col. in pocket)
_c29 cm.
490 1 _aUnited States. Geological Survey. Professional paper
_v589
500 _aPrepared on behalf of the U.S. Atomic Energy Commission.
504 _aBibliography: p. 32-33.
650 0 _aGeology
_zNew Mexico
_zEddy Co.
650 0 _aProject Gnome.
710 2 0 _aU.S. Atomic Energy Commission.
830 0 _aGeological Survey professional paper ;
_v589.
999 _c30432
_d30432